1964 1912 1208 1376 1236 1377 1905 1816 1709 1973 1940 1752 1327 1971 1852 1259 1179 1620 1374 1619 1209 1261 1532 1369 1446 1541 1426 1751 1341 1710 1682 1008 1140 1248 1625 1125 1864 1948 1463 1637 1659 1294 1469 1838 1766 1003 1517 1308 1641 1173 1424 1099 1686 1685 1365 1057 1498 1108 1397 1778 1493 1610 1794 1669 1475 1700 1141 1188 1847 1976 1193 1234 1385 1659 1288 1945 1218 1793 1473 1446 1303 1848 1945 1270 1910 1002 1278 1795 1580 1445 1891 1650 1944 1120 1903 1364 1712 1649 1248 BCNSPRNW ULIB Ver.6.0+V

เปลี่ยนเป็นภาษาไทย

Change to English
 แสดงรายละเอียดบรรณานุกรม
  กลับหน้าหลัก

Brief Record : Get Marc (ISO 2709) : E-mail record : QR code < ปิดหน้าต่าง
LEADER : 00000nam 2200000uu 4500
001    13399110970
003     ULIB
008    110614s||||||||th 000 0 tha d
020    9789741080625
050  4 AC158^bซ118ว 2551
100 1  เฮยองู, ชิน
245 10 วิทยาศาสตร์ฉลาดรู้ เรื่อง สัตว์พิษและพืชพิษ /^cชินเฮยอง,เขียน ; อมรรัตน์ ทิราพงษ์, แปล
250    พิมพ์ครั้งที่ 3
260    กรุงเทพฯ :^bอัมรินทร์คอมมิกส์,^c2551
300    199 หน้า :^bภาพประกอบ ;^c21 ซม.
440  0 ชุดวิทยาศาสตร์ฉลาดรู้ ;^vลำดับที่ 15
650  7 การ์ตูน
650  7 พืชมีพิษ^xวรรณกรรมสำหรับเด็ก
650  7 สัตว์มีพิษ^xวรรณกรรมสำหรับเด็ก
650  7 วรรณกรรมเกาหลี
650  7 วรรณกรรมสำหรับเด็ก
700 0  อมรรัตน์ ทิราพงษ์,^eผู้แปล
945    ^p199^l0^i024353
995    ทศพร
999 ^a ใช้งานได้ทุกระบบ
รายการนี้ยังไม่มีแท็ก
คุณยังไม่ได้ล็อกอิน คุณสามารถมีกิจกรรมร่วมกับเว็บไซต์ได้ แต่ต้องล็อกอินก่อน ::
  ล็อกอิน

รายการสื่อสารสนเทศ

ลำดับที่ ประเภท เลขเรียก/บาร์โค้ด สถานที่ สถานะ
- ไม่พบข้อมูล -

รายการใกล้เคียง
    ผู้แต่ง [เฮยองู, ชิน]

    หัวเรื่อง [การ์ตูน]
    หัวเรื่อง [วรรณกรรมเกาหลี]
    หัวเรื่อง [วรรณกรรมสำหรับเด็ก]

BibComment


ยังไม่เคยถูกคอมเมนท์

คอมเมนท์ทรัพยากรรายการนี้
  คอมเมนท์: วิทยาศาสตร์ฉลาดรู..


 Copyright 2026. Bcnsprnw @Library